Open Data Biblioteca Nacional de Portugal


República Portuguesa: Ministério da Cultura
Biblioteca Nacional de Portugal

Catálogo da BNP: acesso por Identificadores Unívocos
Registos Bibliográficos associados ao registo de autoridade

Etiqueta de registo: 00603cam 02200205 04500
001 5681
003 http://id.bnportugal.gov.pt/bib/catbnp/5681
005 19981110212700.0
095 ## $aPTBN00005826
100 ## $a19790101d1978 m y0pora0103 ba
101 1# $apor
102 ## $aPT
200 1# $aDescoberta do homem$e o corpo humano, máquina maravilhosa$ftexto e il. de Amedeo Gigli$gtrad. de D. Gomes da Silva
210 #9 $aLisboa$cSEL,$dcop. 1978
215 ## $a53, [3] p.$cil.$d29 cm
675 ## $a611$vmed$zpor$3288074
700 #1 $aGigli,$bAmedeo,$f1931-2020$3200081
702 #1 $aSilva,$bD. Gomes da$4730$3208748
801 #0 $aPT$bBN$gRPC
966 ## $lBN$mFGMON$sS.A. 51744 V.
997 ## $aBIBEOD
998 ## $aFSE10 - 00278

Etiqueta de registo: 00646cam 02200217 04500
001 7296
003 http://id.bnportugal.gov.pt/bib/catbnp/7296
005 19981110232900.0
095 ## $aPTBN00007498
100 ## $a19790501d1979 de.y0pora0103 ba
101 1# $apor$cita
102 ## $aPT
200 1# $aVikings os lobos do norte$fRenata Gelardini$gil. Ruggero Giovannini$gtrad. D. Gomes da Silva
210 #9 $aLisboa$cSEL-Soc. Editorial,$d[D.L. 1979]
215 ## $a70, [1] p.$cil.$d29 cm
675 ## $a087.5$vmed$zpor$3287999
700 #1 $aGelardini,$bRenata$332078
702 #1 $aGiovannini,$bRuggero$4440$3289790
702 #1 $aSilva,$bD. Gomes da$4730$3208748
801 #0 $aPT$bBN$gRPC
966 ## $lBN$mFGMON$sP. 5131 V.
997 ## $aBIBEOD
998 ## $aFSE14 - 00013

Etiqueta de registo: 00254nam 2200025 450
001 2284870
003 http://id.bnportugal.gov.pt/bib/catbnp/2284870
100 ## $a20260420d1976 m y0pory01030103ba
101 0# $apor
102 ## $aPT
105 ## $aa t 000yy
106 ## $ar
200 1# $aMiguel Strogoff$e o correio do czar$fJúlio Verne$gdes. F. Caprioli$gadapt. Roudolth$gtrad. D. Gomes da Silva
210 #9 $aLisboa$cEditorial Scire,$d1976
215 ## $a52 p.$ctodo il.$d29 cm
317 ## $aColeção Leandro de Moraes Sarmento$5PTBN: L.M.S. 727
517 1# $a O correio do Czar
606 ## $aBanda desenhada$2SIPOR$31993752
606 ## $aLiteratura juvenil$2SIPOR$31248816
675 ## $a087.5$vBN$zpor$3287999
675 ## $a821.133.1-31"18"$vBN$zpor$3558810
675 ## $a821.133.1-93"18"$vBN$zpor$3590417
700 #1 $aCaprioli,$bFranco,$f1911-1974$326804
701 #0 $aRoudolph$4010$378732
702 #1 $aSilva,$bD. Gomes da$4730$3208748
702 #1 $aVerne,$bJules,$f1828-1905$4100$327932
801 #0 $aPT$bBN$gRPC
966 ## $lBN$mFGMON$pBiblioteca particular Leandro de Moraes Sarmento$sL.M.S. 727 $x3

OpendataBNP@bnportugal.pt | Mais informação sobre acesso aos dados BNP